Top 20 Most Searched People on Google - Statistics

General Stats
  • This quiz has been taken 104 times
  • The average score is 3 of 20
Answer Stats
Hint Answer % Correct
US Search Volume: 4,090,000 Donald Trump
95%
US Search Volume: 1,830,000 Joe Biden
84%
US Search Volume: 7,480,000 Taylor Swift
58%
US Search Volume: 2,240,000 LeBron James
33%
US Search Volume: 1,830,000 Rihanna
20%
US Search Volume: 1,500,000 Selena Gomez
15%
US Search Volume: 3,350,000 Travis Kelce
10%
US Search Volume: 1,830,000 Andrew Tate
5%
US Search Volume: 1,500,000 Sydney Sweeney
3%
US Search Volume: 2,240,000 Aaron Rodgers
2%
US Search Volume: 1,830,000 Ice Spice
2%
US Search Volume: 2,240,000 Margot Robbie
2%
US Search Volume: 1,500,000 Bruce Willis
1%
US Search Volume: 1,830,000 Jenna Ortega
1%
US Search Volume: 1,830,000 Jennifer Lawrence
1%
US Search Volume: 1,830,000 Jamie Foxx
0%
US Search Volume: 1,830,000 Ja Morant
0%
US Search Volume: 1,500,000 Matt Rife
0%
US Search Volume: 1,830,000 Pedro Pascal
0%
US Search Volume: 1,500,000 Tucker Carlson
0%
No matching quizzes found
Score Distribution
Percent of People with Each Score
Percentile by Number Answered
Your Score History
You have not taken this quiz